000
00250nam a22001097a 4500
082
_a
150/HOU
100
_a
Housel,Morgan
_9
83425
245
_a
The Art Of Spending Money
260
_a
Britain
_b
Harriman House
_c
2025
650
_a
Psychology
942
_c
BK
999
_c
68679
_d
68679